The Oxford encyclopedia of the modern Islamic world (Record no. 124828)
[ view plain ]
| 000 -LEADER | |
|---|---|
| fixed length control field | 00528nam a22001577a 4500 |
| 008 - FIXED-LENGTH DATA ELEMENTS--GENERAL INFORMATION | |
| fixed length control field | 160803b xxu||||| |||| 00| 0 eng d |
| 020 ## - INTERNATIONAL STANDARD BOOK NUMBER | |
| International Standard Book Number | 9780195149036 |
| 050 ## - LIBRARY OF CONGRESS CALL NUMBER | |
| Classification number | REF DS35.53.O95 1995 |
| 100 ## - MAIN ENTRY--PERSONAL NAME | |
| Personal name | Esposito, John L. |
| 9 (RLIN) | 24540 |
| 245 ## - TITLE STATEMENT | |
| Title | The Oxford encyclopedia of the modern Islamic world |
| Statement of responsibility, etc | / John L. Esposito |
| 260 ## - PUBLICATION, DISTRIBUTION, ETC. (IMPRINT) | |
| Place of publication, distribution, etc | New York |
| Name of publisher, distributor, etc | Oxford University Press |
| Date of publication, distribution, etc | 1995 |
| 300 ## - PHYSICAL DESCRIPTION | |
| Extent | xiii, 466p. ; |
| Dimensions | 29cm. |
| 650 ## - SUBJECT ADDED ENTRY--TOPICAL TERM | |
| Topical term or geographic name as entry element | Islamic countries |
| General subdivision | Encyclopedia |
| 9 (RLIN) | 24541 |
| 650 ## - SUBJECT ADDED ENTRY--TOPICAL TERM | |
| Topical term or geographic name as entry element | Islam |
| General subdivision | Encyclopedia |
| 9 (RLIN) | 24542 |
| 942 ## - ADDED ENTRY ELEMENTS (KOHA) | |
| Source of classification or shelving scheme | Library of Congress Classification |
| Item type | Monograph ( Printed materials) |
| Withdrawn status | Lost status | Source of classification or shelving scheme | Damaged status | Not for loan | Collection code | Home library | Current library | Shelving location | Date acquired | Total Checkouts | Full call number | Barcode | Date last seen | Price effective from | Koha item type |
|---|---|---|---|---|---|---|---|---|---|---|---|---|---|---|---|
| Library of Congress Classification | REFERENCE | ARRUPE LIBRARY | ARRUPE LIBRARY | Reference | 03/08/2016 | REF DS35.53.O95 v.1 1995 | 46500009314 | 03/08/2016 | 03/08/2016 | Monograph ( Printed materials) | |||||
| Library of Congress Classification | REFERENCE | ARRUPE LIBRARY | ARRUPE LIBRARY | Reference | 03/08/2016 | REF DS35.53.O95 v.2 1995 | 46500009313 | 03/08/2016 | 03/08/2016 | Monograph ( Printed materials) | |||||
| Library of Congress Classification | REFERENCE | ARRUPE LIBRARY | ARRUPE LIBRARY | Reference | 03/08/2016 | REF DS35.53.O95 v.3 1995 | 46500009315 | 03/08/2016 | 03/08/2016 | Monograph ( Printed materials) | |||||
| Library of Congress Classification | REFERENCE | ARRUPE LIBRARY | ARRUPE LIBRARY | Reference | 03/08/2016 | REF DS35.53.O95 v.4 1995 | 46500009316 | 03/08/2016 | 03/08/2016 | Monograph ( Printed materials) |